| 000 | 00340nam a2200121Ia 4500 | ||
|---|---|---|---|
| 008 | 150509s9999 xx 000 0 und d | ||
| 082 | _aOS PAM 658.809633678 TAN | ||
| 245 | _aMarketing development bureau FAO/ UNDP project | ||
| 260 | _aDar es Salaam: | ||
| 260 | _bMinistry of agriculture | ||
| 260 | _c1972 | ||
| 300 | _a112p. : ill. ; 30 cm. | ||
| 999 |
_c9372 _d9372 |
||